MARC

LEADER 00000nam0a2200000 4500
001 38357
005 20231101210507.0
010 |a 5743308373 
035 |a (RuTPU)RU\TPU\book\39077 
090 |a 38357 
100 |a 20020304d2001 m y0rusy50 ca 
101 0 |a rus 
102 |a RU 
105 |a y j 000zy 
200 1 |a Основы квантовой электроники  |e учебное пособие  |f Б. Б. Горбатенко, Е. И. Дмитриева, А. Н. Сальников  |g Саратовский государственный технический университет 
210 |a Саратов  |c Изд-во Саратовского ГТУ  |d 2001 
215 |a 108 с. 
606 1 |a Электроника квантовая  |2 stltpush  |3 (RuTPU)RU\TPU\subj\20327  |9 45436 
610 1 |a квантовая электроника 
610 1 |a лазеры 
610 1 |a квантовые усилители 
610 1 |a газовые лазеры 
610 1 |a лазеры 
610 1 |a полупроводниковые лазеры 
610 1 |a применение 
610 1 |a учебные пособия 
675 |a 621.375.8(075.8)  |v 3 
700 1 |a Горбатенко  |b Б. Б.  |g Борис Борисович 
701 1 |a Дмитриева  |b Е. И.  |g Елена Игоревна 
701 1 |a Сальников  |b А. Н.  |g Александр Николаевич 
712 0 2 |a Саратовский государственный технический университет  |2 stltpush  |3 (RuTPU)RU\TPU\col\95 
801 1 |a RU  |b 63413507  |c 20020304  |g PSBO 
801 2 |a RU  |b 63413507  |c 20130423  |g PSBO 
900 |a Основы квантовой электроники 
942 |c BK